| 000 | 02597cam a22003378i 4500 | ||
|---|---|---|---|
| 001 | 23362934 | ||
| 003 | EG-ScBUE | ||
| 005 | 20250223102532.0 | ||
| 008 | 231026s2024 flua f b 001 0 eng d | ||
| 020 | _a9781032461779 | ||
| 040 |
_aDLC _beng _erda _cDLC _dDLC _dEG-ScBUE |
||
| 082 | 0 | 4 |
_a579.3135 _222 _bSNY |
| 100 | 1 |
_aSnyder, Lori, _eauthor. |
|
| 245 | 1 | 0 |
_aBacterial genetics and genomics / _cLori A. S. Snyder. |
| 250 | _aSecond edition. | ||
| 264 | 1 |
_aBoca Raton : _bCRC Press, _c2024. |
|
| 300 |
_axxviii, 415 pages : _bcolor illustrations ; _c30 cm |
||
| 336 |
_atext _btxt _2rdacontent |
||
| 337 |
_aunmediated _bn _2rdamedia |
||
| 338 |
_avolume _bnc _2rdacarrier |
||
| 504 | _aIncludes bibliographical references and index. | ||
| 520 |
_a"Understanding of bacterial genetics and genomics is fundamental to understanding bacteria and higher organisms, as well. Novel insights in the fields of genetics and genomics are challenging the once clear borders between the characteristics of bacteria and other life. Biological knowledge of the bacterial world is being viewed under a new light with input from genetic and genomics. Replication of bacterial circular and linear chromosomes, coupled (and uncoupled) transcription and translation, multiprotein systems that enhance survival, wide varieties of ways to control gene and protein expression, and a range of other features influence the diversity of the microbial world. This text acknowledges that readers have varied knowledge of genetics and microbiology. Therefore, information is presented progressively, to enable all readers to understand the more advanced material in the book. This second edition of Bacterial Genetics and Genomics updates the information from the first edition with advances made over the past five years. This includes descriptions for 10 types of secretion systems, bacteria that can be seen with the naked eye, and differences between coupled transcription-translation and the uncoupled runaway transcription in bacteria. Topic updates include advances in bacteriophage therapy, biotechnology, and understanding bacterial evolution"-- _cProvided by publisher. |
||
| 650 | 7 |
_aBacterial genetics. _2BUEsh |
|
| 650 | 7 |
_aBacteria _xPhysiology. _2BUEsh |
|
| 653 |
_cFebruary2025 _bPPhrm |
||
| 655 | _vReading book | ||
| 776 | 0 | 8 |
_iOnline version: _aSnyder, Lori. _tBacterial genetics and genomics _bSecond edition. _dBoca Raton : CRC Press, Taylor & Francis Group, 2024 _z9781003380436 _w(DLC) 2023040586 |
| 906 |
_a7 _bcbc _corignew _d1 _eecip _f20 _gy-gencatlg |
||
| 942 |
_2ddc _cBB |
||
| 999 |
_c30910 _d30881 |
||